MARC details
| 000 -LEADER |
| fixed length control field |
02243nam a22003497a 4500 |
| 001 - CONTROL NUMBER |
| control field |
103609 |
| 003 - CONTROL NUMBER IDENTIFIER |
| control field |
KnowledgeUnlatched |
| 005 - DATE AND TIME OF LATEST TRANSACTION |
| control field |
20210303105036.0 |
| 006 - FIXED-LENGTH DATA ELEMENTS--ADDITIONAL MATERIAL CHARACTERISTICS |
| fixed length control field |
m o d |
| 007 - PHYSICAL DESCRIPTION FIXED FIELD--GENERAL INFORMATION |
| fixed length control field |
cr u|||||||||| |
| 008 - FIXED-LENGTH DATA ELEMENTS--GENERAL INFORMATION |
| fixed length control field |
210129p20182019xx o u00| u ger d |
| 037 ## - SOURCE OF ACQUISITION |
| Institution to which field applies |
BiblioBoard |
| 020 ## - INTERNATIONAL STANDARD BOOK NUMBER |
| International Standard Book Number |
9783205208471 |
| 029 1# - OTHER SYSTEM CONTROL NUMBER (OCLC) |
| OCLC library identifier |
https://library.biblioboard.com/ext/api/media/c8e69404-3c15-4fe8-a8c0-28be9691f1ee/assets/thumbnail.jpg |
| 040 ## - CATALOGING SOURCE |
| Original cataloging agency |
ScCtBLL |
| Transcribing agency |
ScCtBLL |
| 100 1# - MAIN ENTRY--PERSONAL NAME |
| Personal name |
Aichner, Christof |
| Relator term |
author. |
| 245 04 - TITLE STATEMENT |
| Title |
Die Universität Innsbruck in der Ära der Thun-Hohenstein'schen Reformen 1848-1860 |
| Remainder of title |
Aufbruch in eine neue Zeit / |
| Statement of responsibility, etc. |
Christof Aichner. |
| 264 #1 - PRODUCTION, PUBLICATION, DISTRIBUTION, MANUFACTURE, AND COPYRIGHT NOTICE |
| Name of producer, publisher, distributor, manufacturer |
Böhlau, |
| 300 ## - PHYSICAL DESCRIPTION |
| Extent |
1 online resource (1 p.) |
| 506 0# - RESTRICTIONS ON ACCESS NOTE |
| Terms governing access |
Access copy available to the general public. |
| Standardized terminology for access restriction |
Unrestricted |
| Source of term |
star |
| 520 ## - SUMMARY, ETC. |
| Summary, etc. |
Im Jahr 1854 empfingen die Innsbrucker Studenten den Minister für Kultus und Unterricht Leo Thun-Hohenstein bei seiner Ankunft in Innsbruck mit einem großen Fackelumzug und huldigten dem Minister mit selbstgedichteten Liedern. Sie feierten ihn als neuen Prometheus, als denjenigen, der durch seine Universitätsreformen die österreichischen Universitäten mit dem Licht der Aufklärung erfüllt habe und die Universitäten in eine neue Ära führen werde.Aichner untersucht die Zeitenwende der österreichischen Universitäten am Beispiel der Universität Innsbruck. Im Zentrum der Studie steht die Umsetzung der Thun-Hohenstein´schen Reformen im Spannungsfeld von gesamtstaatlichen Interessen und lokalen Voraussetzungen. Behandelt werden außerdem die Auswirkungen der Reform in einer mittel- und langfristigen Perspektive. |
| 588 0# - SOURCE OF DESCRIPTION NOTE |
| Source of description note |
Description based on print version record. |
| 590 ## - LOCAL NOTE (RLIN) |
| Local note |
KU Open Services |
| 650 #7 - SUBJECT ADDED ENTRY--TOPICAL TERM |
| Topical term or geographic name entry element |
History / Europe |
| Source of heading or term |
bisacsh |
| 650 #0 - SUBJECT ADDED ENTRY--TOPICAL TERM |
| Topical term or geographic name entry element |
History |
| 655 #0 - INDEX TERM--GENRE/FORM |
| Genre/form data or focus term |
Electronic books. |
| 758 ## - |
| -- |
Is found in: |
| -- |
Knowledge Unlatched |
| -- |
https://openresearchlibrary.org/module/2774bc74-146a-484f-a7ba-ab1d6a09bbfb |
| 856 40 - ELECTRONIC LOCATION AND ACCESS |
| Uniform Resource Identifier |
<a href="https://openresearchlibrary.org/content/c8e69404-3c15-4fe8-a8c0-28be9691f1ee">https://openresearchlibrary.org/content/c8e69404-3c15-4fe8-a8c0-28be9691f1ee</a> |
| Public note |
View this content on Open Research Library. |
| -- |
0 |